| 000 | 01056nam a2200217 a 4500 | ||
|---|---|---|---|
| 001 | 000041518 | ||
| 005 | 20201002034948.0 | ||
| 008 | 131009s1982 sp abe 000 0 spa d | ||
| 020 | _a8400052412 | ||
| 040 |
_aDO-SdBNP _bspa _cBNPHU |
||
| 082 |
_axxx _bC229i |
||
| 100 | 1 |
_aCanterla, Francisco _968233 |
|
| 245 | 1 | 3 |
_aLa Iglesia de Oaxaca en el siglo XVIII / _cFrancisco Canterla y Martín de Tovar ; prólogo José Antonio Calderón Quijano. |
| 260 |
_aSevilla : _bEscuela de Estudios Hispano-Americanos de Sevilla, Consejo Superior de Investigaciones Científicas, _c1982. |
||
| 300 |
_axxii, 273 p. : _bil., maps, plans ; _c25 cm. |
||
| 490 | 1 |
_aPublicaciones de la escuela de estudios hispano-americanos de la Universidad de Sevilla _v281 |
|
| 500 | _aIncluye referencias bibliográficas y notas al pie de las páginas. | ||
| 700 | 1 | 2 |
_aTovar, Martín de _968234 |
| 700 | 1 | 2 |
_aCalderón Quijano, José Antonio Calderon _epról. _968235 |
| 830 | 0 |
_aPublicaciones de la escuela de estudios hispano-americanos de la Universidad de Sevilla, 281. _n281 _968236 |
|
| 999 |
_c41008 _d41008 |
||